000 00866nam a22002175i 4500
001 163310
003 ES-MaACL
005 20250828061826.0
008 050719q1881 fr a 001 0 fre d
100 1 _aRengade, Jules.
_996215
245 1 3 _aLa vie normale et la santé
_b: traité complet de la structure du corps humain /
_cpar J. Rengade.
260 _aParis :
_bLibrairie Illustrée :
_bLibrairie M. Dreyfous,
_c[ca. 1881] (
_eLagny :
_fF. Aureau)
300 _aXI, 808 p. :
_bil. col. y n. ;
_c27 cm.
596 _aDed. fechada en enero de 1881.
599 _aNumerosas il. a color y en blanco y negro intercaladas en el texto.
650 0 7 _aEducación sanitaria
_2embne
_912120
650 0 7 _aMedicina preventiva
_2embne
_914936
650 4 _aSalud.
_9136848
852 _aES-MaACL
_jC-2104
_z- Enc. pasta española
999 _c163310
_d163310